Banach spaces. (Record no. 29764)

000 -LEADER
fixed length control field 00686 a2200205 4500
020 ## - INTERNATIONAL STANDARD BOOK NUMBER
International Standard Book Number 0444507493
020 ## - INTERNATIONAL STANDARD BOOK NUMBER
International Standard Book Number 9780444507495
035 ## - SYSTEM CONTROL NUMBER
System control number 512.55
090 ## - LOCALLY ASSIGNED LC-TYPE CALL NUMBER (OCLC); LOCAL CALL NUMBER (RLIN)
-- 1151
-- 1151
100 1# - MAIN ENTRY--PERSONAL NAME
Personal name Constantinescu,Corneliu.
245 10 - TITLE STATEMENT
Title Banach spaces.
Number of part/section of a work Volume 1 /
Statement of responsibility, etc. Author Unknown.
260 ## - PUBLICATION, DISTRIBUTION, ETC.
Place of publication, distribution, etc. [S.l.] :
Name of publisher, distributor, etc. North Holland,
Date of publication, distribution, etc. 2001.
300 ## - PHYSICAL DESCRIPTION
Extent 400 p. ;
Dimensions 23 cm.
490 1# - SERIES STATEMENT
Series statement North-holland mathematical library.
520 ## - SUMMARY, ETC.
Summary, etc. Hardbound.
700 ## - ADDED ENTRY--PERSONAL NAME
Personal name Constantinescu,Corneliu.
830 #0 - SERIES ADDED ENTRY--UNIFORM TITLE
Uniform title North-holland mathematical library.
942 ## - ADDED ENTRY ELEMENTS (KOHA)
Institution code [OBSOLETE] SNS
Koha item type Book
Call number prefix 512.55 CON
Holdings
Withdrawn status Lost status Damaged status Not for loan Permanent Location Current Location Date acquired Total Checkouts Full call number Barcode Date last seen Price effective from Koha item type
        School of Natural Sciences (SNS) School of Natural Sciences (SNS) 05/26/2016   512.55 CON SNS0001494 05/26/2016 05/26/2016 Book
© 2023 Central Library, National University of Sciences and Technology. All Rights Reserved.